Към края (Запис номер 511844)
[ съкратено ]
| 000 -Лидер | |
|---|---|
| Лидер | 01188nam a2200277 a 4500 |
| 003 - Код на организацията, давaща контролен номер | |
| Код на организацията, даваща контролен номер | BLK |
| 005 - Дата и час на последна редакция | |
| Дата и час на последна редакция | 20250729132324.0 |
| 007 - Фиксирано поле за физическо описани | |
| Физическо описание | ta |
| 008 - Елементи от данни с фиксирана дължина | |
| Елементи с фиксирана дължина | 221104b bu |||||r|||| 00| | bu d |
| 020 ## - Международен стандартен номер на книга ISBN | |
| ISBN | 9786191933587 |
| 040 ## - Източник на каталожния запис | |
| Код на библиотеката | BLK |
| 041 ## - Код за език | |
| Език | Български |
| Език за КДБФ | Български |
| 080 ## - УДК | |
| 9 (RLIN) | 226698 |
| УДК текст | Американска литература (на САЩ) |
| УДК код | 821.111(73) |
| УДК – определител | -312.9 |
| УДК – код + определител | 821.111(73)-312.9 |
| 084 ## - Класификационен индекс по друга класификация | |
| Авторски знак | Сан - С 18 |
| 100 ## - Редна дума - Автор | |
| R(LIN) | 375673 |
| Автор | Сандърсън, Брандън |
| 245 ## - Сведения за заглавието | |
| Заглавие | Към края |
| Авторска отговорност | Брандън Сандерсън ; прев. Цветана Генчева |
| 260 ## - Област на издателските данни | |
| 9 (RLIN) | 217678 |
| Място на издаване | София |
| Име на издателя | Артлайн Студиос |
| Година на издаване | 2024 |
| 300 ## - Физическа характеристика | |
| Брой страници | 478 с. |
| Размер | 21 см |
| 380 ## - Жанр | |
| Жанр | Худож. лит. |
| 500 ## - Общи забележки | |
| Обща забележка | Ориг. загл.: Defiant / Brandon Sanderson<br/>Възприетата форма на името на авт. Брандън Сандерсън е Брандън Сандърсън<br/>Кн. 4 от тетралогията Към небето |
| 700 ## - Други автори (авторска отговорност) | |
| 9 (RLIN) | 364265 |
| Друг автор | Генчева, Цветана Тодорова |
| 852 ## - Местоположение | |
| Отдел | Заемна - подръчен фонд |
| Систематично-азбучна сигнатура | 821-31/С 18 Б |
| 856 ## - Електронен адрес и достъп | |
| Инструкция (цена за достъп) | 0.00 |
| Права за достъп | disable |
| 942 ## - АРТИКУЛИ | |
| Вид на библиотечния документ | Книги |
| Скрит в OPAC | Не |
| Koha issues (borrowed), all copies | 2 |
| 944 ## - СЪЗДАВАНЕ И РЕДАКЦИЯ на ЗАПИСА | |
| Създаване/Редакция | |
| Дата на регистрацията/редакция | Моника Янева |
| Служител, извършил регистрацията/редакцията | 30576 |
| Номер на служител | Цветомила Тодорова |
| 999 ## - СИСТЕМНИ КОНТРОЛНИ НОМЕРА | |
| Koha biblionumber | 511844 |
| Koha biblioitemnumber | 511844 |
| Код за отписване | Код за изгубен артикул | Източник на класификационната схема | Код за повреда | Код за отдаване | Артикулен № | Име на библиотеката - собственик | Име на библиотеката, в която се намира в момента | Статус (Текущо местоположение) | Дата на вписване в системата | Местоположение - отдел | Цена в лева | Инвентарен номер | Систематично азбучна сигнатура | Баркод | Цена в евро | Служебен тип на артикула |
|---|---|---|---|---|---|---|---|---|---|---|---|---|---|---|---|---|
| Не е изгубен | Universal Decimal Classification | Не е повреден | заемане за дома | 944263 | Регионална библиотека "Любен Каравелов" Русе | Регионална библиотека "Любен Каравелов" Русе | Заемна - подръчен фонд | 2024-06-13 | Заемна - подръчен фонд | 25.00 | 120000909291 | 821-31/С 18 Б | 120000909291 | 12.78 | Книги |